000 00648nam a22001697a 4500
003 OSt
005 20250623150726.0
008 250623b |||||||| |||| 00| 0 eng d
040 _cDCL
082 _a၄၂၀.၇
100 _aဒေါ်ခင်အေးပွင့်၊
245 1 0 _aအဆင့်မြင့်အင်္ဂလိပ်သဒ္ဒါ /
_cဒေါ်ခင်အေးပွင့်။
264 _aရန်ကုန်၊
_bဝင်းစာပေတိုက်၊
_c၂၀၀၁။
300 _a၂၈၀ စာမျက်နှာ။
600 _2ဘာသာဗဒ ။
942 _2ddc
_cBOM
_n0
999 _c1276
_d1276